000 00964cam a22002651i 4500
003 SA-RiAUC
005 20250928083144.0
008 250803s1981 ua g 00000 ara c
020 _a9777328729
040 _aSA-JeALM
_bara
_cSA-RiAUC
_erda
082 0 4 _a213
090 _a213
_bغ ز ا
100 1 _aالغزالي، محمد،
_d1917-1996
_eمؤلف.
245 1 0 _aضوء على تفكيرنا الديني في مطالع القرن الخامس عشر الهجري /
_cمحمد الغزالي.
250 _aالطبعة الأولى.
264 1 _aالقاهرة :
_bدار الاعتصام،
_c1981
300 _a59 صفحة ؛
_c20 سم.
336 _aنص
_btxt
_2rdacontent
_3كتاب
337 _aبدون وسيط
_bn
_2rdamedia
338 _aمجلد
_bnc
_2rdacarrier
650 7 _aالوعظ والإرشاد
_2aucsh
650 7 _aالدعوة الإسلامية
_2aucsh
942 _2ddc
_cBOOK
_n0
949 _aSA-JeALM
_d250803
_uosman123
_n1
999 _c12143
_d12143